000 00706nam a22002297a 4500
005 20170124110051.0
010 _aA-993544
020 _c150.00
_a8170173744
035 _aA-993544
037 _bCen Lib/Ret
040 _aDPL
_bEN
082 _a792.80954
_bMAS
100 _aMassey, Reginald
_925469
245 _aIndai's kathak dance past, present, future /
_cby Reginald Messey
260 _aNew Delhi
_bAbhinav Publications
_c1999
270 _aE-37, Huaz Khas
_bNew Delhi
_e110016
300 _a148p.
_c21cm(Hb)
_bcol. ill.
500 _aIncludes glossary and index
650 _aKathak (Dance)
_925470
650 _aFolk dance
_925471
942 _2ddc
_cEN
_h792.80954
_mMAS
999 _c129120
_d129120